|
|
|
|
| LEADER |
00000cam a2200000 7i4500 |
| 001 |
0000038693 |
| 005 |
20131120.0 |
| 008 |
131120 |
| 020 |
|
|
|a 983197459X
|
| 090 |
0 |
0 |
|a 799.11
|b KHA
|
| 100 |
0 |
|
|a Khairuman
|
| 245 |
1 |
0 |
|a Panduan memancing ikan air tawar
|c Khairuman & Ir. Khairul Amri
|
| 260 |
|
|
|a Kuala Lumpur :
|b Synergy Media Books ,
|c [s.n]
|
| 650 |
|
0 |
|a Fishing guides
|
| 650 |
|
0 |
|a Fresh water fishes
|
| 999 |
|
|
|a 0000937172
|b Book
|c Adult Collection
|e Cawangan Bandar Tenggara
|
| 999 |
|
|
|a 0001231671
|b Book
|c Adult Collection
|e Cawangan Tmn. Ungku Tun Aminah
|
| 999 |
|
|
|a 0001231672
|b Book
|c Adult Collection
|e Cawangan Pontian
|
| 999 |
|
|
|a 0001231674
|b Book
|c Adult Collection
|e Cawangan Bandar Tenggara
|
| 999 |
|
|
|a 0001231677
|b Book
|c Adult Collection
|e Cawangan Muar
|
| 999 |
|
|
|a 0001231678
|b Book
|c Adult Collection
|e Cawangan Bukit Gambir
|
| 999 |
|
|
|a 0001231679
|b Book
|c Adult Collection
|e Cawangan Tangkak
|
| 999 |
|
|
|a 0001231680
|b Book
|c Adult Collection
|e Cawangan Mersing
|
| 999 |
|
|
|a 0001231681
|b Book
|c Adult Collection
|e Cawangan Segamat
|
| 999 |
|
|
|a 0001231682
|b Book
|c Adult Collection
|e Cawangan Bandar Penawar
|
| 999 |
|
|
|a 0001231683
|b Book
|c Adult Collection
|e Cawangan Kota Tinggi
|
| 999 |
|
|
|a 0001239098
|b Book
|c Adult Collection
|e Perbadanan Perpustakaan Awam Johor
|